NFL Players With 2+ MVP's - Statistics

General Stats
  • This quiz has been taken 195 times
    134 since last reset
  • The average score is 9 of 10
Answer Stats
Team(s) Played For # of MVP's Players % Correct
Patriots 3 MVP's Tom Brady
100%
Chiefs 2 MVP's Patrick Mahomes
98%
Packers 2 MVP's Aaron Rodgers
97%
Colts/Broncos 5 MVP's Peyton Manning
97%
49ers 2 MVP's Joe Montana
96%
Packers 3 MVP's Brett Favre
93%
49ers 2 MVP's Steve Young
89%
Rams 2 MVP's Kurt Warner
87%
Browns 3 MVP's Jim Brown
86%
Colts 3 MVP's Johnny Unitas
75%
No matching quizzes found
Score Distribution
Percent of People with Each Score
Percentile by Number Answered
Your Score History
You have not taken this quiz since the last reset